| 000 | 00597nam a2200157 a 4500 | ||
|---|---|---|---|
| 001 | 000013428 | ||
| 005 | 20200929163228.0 | ||
| 008 | 091124s1971 dr 001 0 spa d | ||
| 040 |
_aDO-SdBNP _bspa _cBNPHU |
||
| 082 |
_axxxx _bD611M |
||
| 245 | 0 | 0 | _aDiscurso del Lic. Manuel Ramón Ruiz Tejada, presidente de la Suprema Corte de Justica en la audiencia de la apertura de las labores judiciales el 7 enero de 1971 /. |
| 260 |
_aSanto Domingo : _bJunta Central Electoral, _c1971. |
||
| 300 |
_a25 p. ; _c19 cm. |
||
| 710 | 1 |
_aSuprema Corte de Justica (República Dominicana ) _930686 |
|
| 049 | _aBNPD | ||
| 999 |
_c13054 _d13054 |
||